000 00356nam a2200133 i 4500
001 bg
100 1 _aTER-MIKAELJAN, M. L.
245 0 _aVlijanie credy na elektromagnitnye procesy pri vysokich energijach /
_cM.L. Ter-Mikaeljan.
260 _aErevan,
_c1969.
040 _cBPK
041 _apol
942 _cKS
008 s pl f |000 0 pol
999 _c16178
_d16178
856 _uhttp://koha.tu.koszalin.pl/cgi-bin/koha/opac-detail.pl?biblionumber=16178
_yKatalog online BPK